| 000 | 01188nam a2200265 a 4500 | ||
|---|---|---|---|
| 001 | 74155 | ||
| 003 | BD-RjUL | ||
| 005 | 20211209082513.0 | ||
| 008 | 180311r20162014bg a|||| |||| 00| 0 ben d | ||
| 020 | _a9789848962190 | ||
| 035 | _a(BD-RjUL)74373 | ||
| 040 |
_aBD-RjUL _bben _cBD-RjUL _dBD-RjUL |
||
| 041 | _aben | ||
| 082 |
_223 _bKHW 2016 _a954.9205092 |
||
| 100 | 1 |
_aখতিব, এ.এল. _9220476 |
|
| 245 | 1 |
_aহু কিলড মুজিব / _cএ.এল. খতিব; সম্পাদনা ফরিদ আহমদ দুলাল |
|
| 260 |
_aঢাকা : _bআবিষ্কার, _c২০১৪ [মুদ্রণ ২০১৬] |
||
| 300 |
_a২৫৬ পৃ. : _bচিত্র ; _c২০ সেমি. |
||
| 600 |
_aমুজিবুর রহমান, _cশেখ, _d১৯২০-১৯৭৫ _9250475 |
||
| 600 |
_aMujibur Rahman, _cSheikh, _d1920-1975 _9250476 |
||
| 650 |
_aবাংলাদেশ _9220478 _xরাজনীতি এবং সরকার _y১৯৭১- |
||
| 650 |
_aBangladesh _xPolitics and government|y _y1971- _9220485 |
||
| 700 |
_aদুলাল, ফরিদ আহমদ সম্পাদনা _9250477 |
||
| 942 |
_2ddc _cBK |
||
| 999 |
_c74155 _d74155 |
||